=LDR 00000nam 2200000 4500 =001 INLIS000000000037103 =005 20130612142841 =008 ***********************************Ind** =035 ##$$0010-061300000037103 =041 ##$$a Ind =082 ##$$a 616.716 =090 ##$$a 616.716, Tan s =100 ##$$a Tandra, Hans =245 ##$$a Segala sesuatu yang harus anda ketahui tentang osteoporosis mengenal, mengatasi, dan mencegah tulang keropos =260 ##$$a 2009 $b Jakarta =300 ##$$a 168 hlm, ilus, 23 cm =650 ##$$a Osteoporosis =850 ##$$a NBPNMAT =990 ##$$a 0001/BPAP-NTB/20142014 =990 ##$$a 0001/BPAP-NTB/20142014